00573nam a2200157 a 450000100100000000500170001000800410002704000250006808200150009310000260010824500760013426000590021030000350026950000790030450400320038300004228620201002040044.0131122s1972 sp ac 000 0 spa d aDO-SdBNPbspacBNPHU axxxbL712a1 aLida, Clara E.d1941-10aAnarquismo y revolución en la España del XIX /cClara Eugenia Lida. aMadrid :bSiglo Veintiuno de España Editores,c1972. a334 p. :bil., retrs. ;c21cm. aIncluye datos biográficos de la autora en la solapa de la contracubierta aBibliografía : p. 301-322